000 00555nam a2200193 a 4500
001 1770284919831
003 YourLibrary
005 20260205152336.0
008 260205s2005##################000#0#eng##
020 _a9781557533432
082 0 4 _a331.973092
_bKOZ
100 1 _aKozmetsky, George,
_eauthor.
245 1 0 _aThe Economic Transformation of the United States, 1950-2000 :
260 _bPurdue University Press,
_c2005.
300 _a528 pages
650 0 _aBusiness & Economics.
942 _cENGLISH
040 _aYourLibrary
_beng
_cYourLibrary
999 _c610318
_d610318